00664nam a2200193Ia 4500008004100000100001800041245010800059260001100167300001900178440005800197521000900255650002400264650002700288650001900315650002600334942000700360999001900367952008400386140626s9999 xx 000 0 und d aSkott, Jeppe. aTheoretical loops in mathematics education :b theory-practice relationships, revisited /cJeppe Skott. cc2009. a1 : 2, page 88 aThe Asian Journal of Educational Research and Synergy aSPED aBeginning teachers. aFilipino it educators. aSocialization. aTeacher collegiality. cSE c120935d120935 001040aCLbCLcPERd2014-06-26l0pS0043r2014-06-26 00:00:00w2014-06-26ySE